000 01001cab a22002055a 4500
001 L143529
008 080515s2008 xxk f s 000 0 eng d
035 _a(Sirsi) u143529
041 0 _aeng
100 1 _aMenary, Steve
245 0 0 _aCymru concerns
260 _c2008
490 _aHousebuilder
_v67(4) May 2008, 14-15(2)
520 _aConsiders the condition of the Welsh construction market. Warns that the recent collapse of a Cardiff-based construction company may not remain an isolated occurrence, and could happen outside Wales. While company failures in Wales rose by 3.8% in the last year, this was the lowest figure for any UK region. The number of failing property firms in the last year is 151, compared with 119 a year ago. The credit crunch is being seen as responsible. Provides local statistics on planning applications and approvals.
590 _aKA
651 4 _aUnited Kingdom
_y
651 4 _aWales
_y2007-
690 _aBUILT ENVIRONMENT-CONSTRUCTION MARKET
942 _n0
999 _c80211
_d80211